00618 a2200181 4500001000700000003000400007005001700011008004100028082001800069245005900087260003200146300001000178653008800188700002500276942001200301999001100313952011200324001747OSt20211210174051.0  a658.408bC81C1 aCorporate social responsibilitycedited by R.K. Narang aNew DelhibTerri Pub.c2009 a374p. aIndustrial management--Environmental aspects; Industrial management--Social aspects aNarang, R.K.eEditor 2ddccBK c50d50 00102ddc40708TXBaCURAJbCURAJd2010-09-28eECOg450.00o658.408 C81Cp1739r2024-11-21w2020-09-02yBK